| 000 -LEADER |
| fixed length control field |
00348cam a22001217a 4500 |
| 008 - FIXED-LENGTH DATA ELEMENTS--GENERAL INFORMATION |
| fixed length control field |
180718b xxu||||| |||| 00| 0 eng d |
| 082 ## - DEWEY DECIMAL CLASSIFICATION NUMBER |
| Classification number |
A8x54 Al51 |
| 100 ## - MAIN ENTRY--PERSONAL NAME |
| Personal name |
Nehru, Jawaharlal |
| 245 ## - TITLE STATEMENT |
| Title |
What are the Indian states? |
| Statement of responsibility, etc. |
by Jawaharlal Nehru |
| 260 ## - PUBLICATION, DISTRIBUTION, ETC. |
| Place of publication, distribution, etc. |
Allahabad |
| Name of publisher, distributor, etc. |
Shanti Dhavan |
| Date of publication, distribution, etc. |
|
| 300 ## - PHYSICAL DESCRIPTION |
| Extent |
113p |
| 650 ## - SUBJECT ADDED ENTRY--TOPICAL TERM |
| Topical term or geographic name entry element |
India -Gazetteers.India -Statistics. |